| 000 | 00927nam a2200181Ia 4500 | ||
|---|---|---|---|
| 003 | IT-RoPAU | ||
| 005 | 20220918175447.0 | ||
| 008 | 120407s9999 xx 000 0 und d | ||
| 040 |
_aIT-RoPAU _c20130627093403.0 |
||
| 040 | _cIT-RoPAU | ||
| 100 |
_aAmorth Gabriele _9746 |
||
| 245 |
_aConsacrazione dell'Italia al Cuore Immacolato di Maria _bRicordi |
||
| 260 |
_aRoma _bTip. R. Ambrosini _cS.d. |
||
| 300 |
_c21 cm _a46 pp. |
||
| 520 | _aIndice L'incarico affidatomi da D. Lamera La svolta giusta La documentazione Le adesioni A grandi passi La decisione della C.E.I. L'incontro a Bologna La grande "Peregrinatio" e il Tempio di Trieste L'ultima riunione Rimbocchiamoci le maniche Le autorità civili Un sogno: oltre la cortina di ferro La Madonna da P. Pio Non mancano le croci La formula di consacrazione Nella pace del Signore Uno sguardo al futuro: la voce dei Pontefici | ||
| 600 |
_aopuscolo _9747 |
||
| 942 |
_cBK _2ddc |
||
| 999 |
_c12983 _d12983 |
||